Big drop in UK shop unit demand (Record no. 72095)
[ view plain ]
| 000 -LEADER | |
|---|---|
| fixed length control field | 00958cam a2200229 4500 |
| 001 - CONTROL NUMBER | |
| control field | WB3906-03 |
| 008 - FIXED-LENGTH DATA ELEMENTS--GENERAL INFORMATION | |
| fixed length control field | 030211n2003 000 0 eng u |
| 035 ## - SYSTEM CONTROL NUMBER | |
| System control number | (Sirsi) u121325 |
| 245 ## - TITLE STATEMENT | |
| Title | Big drop in UK shop unit demand |
| 260 ## - PUBLICATION, DISTRIBUTION, ETC. | |
| Date of publication, distribution, etc. | 2003 |
| 490 ## - SERIES STATEMENT | |
| Series statement | Retail Property |
| Volume/sequential designation | 7 February 2003, 31(1) |
| 520 ## - SUMMARY, ETC. | |
| Summary, etc. | Demand for shop units in the UK dropped dramatically in 2002, according to research from the Property Information Project (PIP). In the three months to December, demand for retail floorspace fell 5.8%, on top of a 10.4% drop in the previous quarter. The total reduction of space in demand was 27.5% during last year. The "Current shop demand" report is available from the PIP website http://www.thepip.com/. |
| 590 ## - LOCAL NOTE (RLIN) | |
| Local note | WB |
| 650 ## - SUBJECT ADDED ENTRY--TOPICAL TERM | |
| Topical term or geographic name entry element | SHOP UNITS |
| 650 ## - SUBJECT ADDED ENTRY--TOPICAL TERM | |
| Topical term or geographic name entry element | FLOORSPACE |
| 650 ## - SUBJECT ADDED ENTRY--TOPICAL TERM | |
| Topical term or geographic name entry element | UNITED KINGDOM |
| 650 ## - SUBJECT ADDED ENTRY--TOPICAL TERM | |
| Topical term or geographic name entry element | DEMAND |
| 650 ## - SUBJECT ADDED ENTRY--TOPICAL TERM | |
| Topical term or geographic name entry element | RETAILERS |
| 650 ## - SUBJECT ADDED ENTRY--TOPICAL TERM | |
| Topical term or geographic name entry element | RENTAL GROWTH |
| 690 ## - LOCAL SUBJECT ADDED ENTRY--TOPICAL TERM (OCLC, RLIN) | |
| Topical term or geographic name as entry element | PROPERTY-COMMERCIAL PROPERTY |
| 942 ## - ADDED ENTRY ELEMENTS (KOHA) | |
| Suppress in OPAC | 0 |
| Withdrawn status | Lost status | Source of classification or shelving scheme | Damaged status | Not for loan | Home library | Current library | Shelving location | Date acquired | Total Checkouts | Full call number | Barcode | Date last seen | Copy number | Price effective from | Koha item type |
|---|---|---|---|---|---|---|---|---|---|---|---|---|---|---|---|
| Dewey Decimal Classification | London | London | News article | 11/02/2003 | WB3906-03 | 121325-1001 | 06/08/2019 | 1 | 06/08/2019 | News article |